El jardín del terremoto y otros cuentos / (Record no. 149748)

MARC details
000 -CABECERA
campo de control de longitud fija 00640nam a2200205 u 4500
005 - FECHA Y HORA DE LA ÚLTIMA TRANSACCIÓN
campo de control 20240228064018.0
008 - ELEMENTOS DE LONGITUD FIJA--INFORMACIÓN GENERAL
campo de control de longitud fija 100901s2006 r 000 0 eng d
020 ## - NÚMERO INTERNACIONAL NORMALIZADO PARA LIBROS
Número Internacional Estándar del Libro 9562941663
035 ## - NÚMERO DE CONTROL DEL SISTEMA
Número de control de sistema UPN01000177645
049 ## - COLECCIÓN
Colección I
050 #4 - SIGNATURA TOPOGRÁFICA DE LA BIBLIOTECA DEL CONGRESO
Número de clasificación PZ78
Número de documento/Ítem B3.4
100 1# - ASIENTO PRINCIPAL--NOMBRE PERSONAL
Nombre de persona Balcells, Jacqueline,
Fechas asociadas al nombre 1944-
9 (RLIN) 31758
245 13 - MENCIÓN DE TÍTULO
Título El jardín del terremoto y otros cuentos /
Mención de responsabilidad, etc. Jacqueline Balcells.
260 ## - PUBLICACIÓN, DISTRIBUCIÓN, ETC.
Lugar de publicación, distribución, etc. Santiago de Chile :
Nombre del editor, distribuidor, etc. Mare Nostrum,
Fecha de publicación, distribución, etc. 2006.
300 ## - DESCRIPCIÓN FÍSICA
Extensión 78 p. :
Otras características físicas il.
440 #3 - MENCIÓN DE SERIE/ASIENTO SECUNDARIO--TÍTULO
Título La buena letra.
Nombre de parte o sección de la obra Literatura actual
650 #4 - ASIENTO SECUNDARIO DE MATERIA - TERMINO TEMATICO
Término de materia o nombre geográfico como elemento de entrada Libros y lectura para niños
9 (RLIN) 2290
650 #4 - ASIENTO SECUNDARIO DE MATERIA - TERMINO TEMATICO
Término de materia o nombre geográfico como elemento de entrada CUENTOS INFANTILES CHILENOS
9 (RLIN) 11282
905 ## - TIPO DE MATERIAL
Tipo de material Infantil
Holdings
Estado de retiro Estado de pérdida Fuente del sistema de clasificación o colocación Estado dañado No para préstamo Código de colección Localización permanente Ubicación/localización actual Ubicación en estantería Fecha de adquisición Clasificación Código de barras Fecha visto por última vez Número de copia Tipo de ítem Koha
    Library of Congress Classification     Infantil Bib. Gregorio Torres Quintero Bib. Gregorio Torres Quintero Sala infantil Planta baja 10/05/2023 PZ78 B3.4 274857 31/12/2020 1 Libro